[Event "Schwarzacher op 35th"]
[Site "Schwarzach"]
[Date "2022.07.23"]
[Round "8"]
[White "Gorshkova, Irina"]
[Black "Eilenberg, Jonas"]
[Result "1/2-1/2"]
[WhiteElo "2112"]
[BlackElo "2147"]
[PlyCount "68"]
[EventDate "2022.07.17"]
[EventType "swiss"]
[EventRounds "9"]
[EventCountry "AUT"]
[SourceTitle "CBM 209 Extra"]
[Source "ChessBase"]
[SourceDate "2022.09.30"]
[SourceVersion "1"]
[SourceVersionDate "2022.09.30"]
[SourceQuality "1"]

1. e4 c5 2. c3 Nf6 3. e5 Nd5 4. d4 cxd4 5. Nf3 Nc6 6. Bc4 Nb6 7. Bb3 d5 8. exd6 Qxd6 9. cxd4 Be6 10. 0-0 Bxb3 11. Qxb3 e6 12. Be3 Be7 13. Nc3 0-0 14. a3 Rfd8 15. Rfd1 Rac8 16. Ne5 Na5 17. Qb5 Nac4 18. Bf4 Nxe5 19. dxe5 Qc5 20. Be3 Qxb5 21. Nxb5 Nc4 22. Nxa7 Nxe3 23. Nxc8 Nxd1 24. Nxe7+ Kf8 25. Nc8 Nxb2 26. Nd6 Nd3 27. Nxb7 Rb8 28. Nd6 Nxe5 29. a4 Rb6 30. Ne4 f5 31. a5 Rb8 32. Nc5 Ke7 33. f4 Nc6 34. a6 Kd6 1/2-1/2

[Event "BEL-ch op"]
[Site "Antwerp"]
[Date "2013.07.13"]
[Round "8"]
[White "Gorshkova, Irina"]
[Black "Cluyts, Marc"]
[Result "1-0"]
[WhiteElo "2134"]
[BlackElo "1968"]
[PlyCount "71"]
[EventDate "2013.07.06"]
[EventType "swiss"]
[EventRounds "9"]
[EventCountry "BEL"]
[SourceTitle "CBM 155 Extra"]
[Source "ChessBase"]
[SourceDate "2013.08.26"]
[SourceVersion "1"]
[SourceVersionDate "2013.08.26"]
[SourceQuality "1"]

1. e4 e5 2. Nf3 Nc6 3. Nc3 Nf6 4. d4 exd4 5. Nxd4 Bc5 6. Nxc6 bxc6 7. Bd3 d6 8. h3 Qe7 9. 0-0 a5 10. Qf3 Nd7 11. Qg3 f6 12. Be3 Rb8 13. b3 Bxe3 14. Qxe3 0-0 15. Rae1 Nc5 16. f4 Re8 17. Qg3 Kh8 18. Re2 Nxd3 19. cxd3 Ba6 20. Rfe1 Rb4 21. Kh1 Rd4 22. Re3 Qf7 23. e5 dxe5 24. fxe5 f5 25. e6 Qe7 26. Qe5 Qd6 27. Qxf5 Rf4 28. Qxa5 Ref8 29. Qe5 Qe7 30. Ne2 R8f5 31. Nxf4 Rxe5 32. Rxe5 g5 33. Rxg5 Bc8 34. Rge5 Bb7 35. d4 Kg7 36. Nd3 1-0

[Event "BEL-ch op"]
[Site "Antwerp"]
[Date "2013.07.07"]
[Round "2"]
[White "Gorshkova, Irina"]
[Black "Hiel, Lino"]
[Result "1-0"]
[WhiteElo "2134"]
[BlackElo "1874"]
[PlyCount "49"]
[EventDate "2013.07.06"]
[EventType "swiss"]
[EventRounds "9"]
[EventCountry "BEL"]
[SourceTitle "CBM 155 Extra"]
[Source "ChessBase"]
[SourceDate "2013.08.26"]
[SourceVersion "1"]
[SourceVersionDate "2013.08.26"]
[SourceQuality "1"]

1. e4 e6 2. d4 d5 3. Nd2 a6 4. Ngf3 c5 5. c3 cxd4 6. cxd4 Nc6 7. Bd3 dxe4 8. Nxe4 Be7 9. 0-0 Nf6 10. a3 0-0 11. Nc3 b5 12. Be3 Bb7 13. Qe2 Qc7 14. Rac1 Rac8 15. Rfd1 Rfd8 16. Ne4 Ng4 17. Nc5 Nf6 18. b4 Nd5 19. Bd2 Bf6 20. Qe4 g6 21. Bg5 Qe7 22. Bxf6 Nxf6 23. Qh4 Kg7 24. Bb1 Rc7 25. Nxb7 1-0

[Event "Lausanne YM op 9th"]
[Site "Lausanne"]
[Date "2008.09.20"]
[Round "3"]
[White "Gorshkova, Irina"]
[Black "Gheorghiu, Florin"]
[Result "0-1"]
[WhiteElo "2166"]
[BlackElo "2375"]
[PlyCount "94"]
[EventDate "2008.09.19"]
[EventType "swiss"]
[EventRounds "7"]
[EventCountry "SUI"]
[SourceTitle "CBM 126 Extra"]
[Source "ChessBase"]
[SourceDate "2008.11.05"]
[SourceVersion "1"]
[SourceVersionDate "2008.11.05"]
[SourceQuality "1"]

1. e4 c5 2. c3 Nf6 3. e5 Nd5 4. d4 cxd4 5. Nf3 Nc6 6. cxd4 d6 7. exd6 Qxd6 8. Nc3 g6 9. Be2 Bg7 10. 0-0 0-0 11. Ne4 Qd8 12. h3 b6 13. Bg5 Bb7 14. Qd2 Nf6 15. Nxf6+ exf6 16. Be3 Ne7 17. Rac1 Qd7 18. Nh2 Rfd8 19. Bf3 Bxf3 20. Nxf3 Nd5 21. Rc2 Re8 22. Bf4 Re4 23. Bg3 Rae8 24. Rfc1 Bf8 25. a3 Bd6 26. Bxd6 Qxd6 27. Rc8 Kg7 28. R1c6 Qd7 29. Qc2 Nf4 30. Rxe8 Qxe8 31. Qc4 Ne2+ 32. Kf1 Nxd4 33. Rc8 Nxf3 34. gxf3 Rxc4 35. Rxe8 Rc1+ 36. Kg2 Rc2 37. Re7 a5 38. b4 axb4 39. axb4 Rb2 40. Re4 b5 41. f4 f5 42. Rd4 Kf6 43. h4 h5 44. Kf3 Ke6 45. Kg3 Rb3+ 46. f3 Rb2 47. Rd6+ Kxd6 0-1

[Event "Blackpool op 32nd"]
[Site "Blackpool"]
[Date "2008.03.09"]
[Round "4"]
[White "Gorshkova, Irina"]
[Black "Merriman, John"]
[Result "1/2-1/2"]
[WhiteElo "2157"]
[BlackElo "2262"]
[PlyCount "84"]
[EventDate "2008.03.07"]
[EventType "swiss"]
[EventRounds "5"]
[EventCountry "ENG"]
[SourceTitle "CBM 123 Extra"]
[Source "ChessBase"]
[SourceDate "2008.05.06"]
[SourceVersion "1"]
[SourceVersionDate "2008.05.06"]
[SourceQuality "1"]

1. e4 e6 2. d4 d5 3. Nd2 Nf6 4. Bd3 c5 5. e5 Nfd7 6. c3 Nc6 7. Ngf3 Qb6 8. 0-0 cxd4 9. cxd4 Nxd4 10. Nxd4 Qxd4 11. Nf3 Qb6 12. Qa4 Qb4 13. Qc2 Nc5 14. Bd2 Qa4 15. b3 Qd7 16. Be2 Be7 17. Be3 Na6 18. Nd4 Nb4 19. Qc3 0-0 20. Bb5 Qd8 21. a3 Na6 22. Bxa6 bxa6 23. Nc6 Qd7 24. Rfc1 Re8 25. Nxe7+ Rxe7 26. Bc5 Re8 27. Bd6 Bb7 28. Qc7 Qb5 29. a4 Qb6 30. Qxb6 axb6 31. Rc7 Rab8 32. Rac1 Rbc8 33. f3 h5 34. Kf2 d4 35. Ke2 Rxc7 36. Rxc7 Bd5 37. b4 h4 38. Kd3 h3 39. gxh3 Bxf3 40. Kxd4 f5 41. Ke3 Bg2 42. h4 Kh7 1/2-1/2

[Event "BEL-ch op"]
[Site "Eupen"]
[Date "2003.07.13"]
[Round "9"]
[White "Huesmann, Thomas"]
[Black "Gorshkova, Irina"]
[Result "1-0"]
[WhiteElo "2272"]
[BlackElo "2146"]
[PlyCount "76"]
[EventDate "2003.07.05"]
[EventType "swiss"]
[EventRounds "9"]
[EventCountry "BEL"]
[SourceTitle "CBM 095 Extra"]
[Source "ChessBase"]
[SourceDate "2003.09.04"]
[SourceVersion "1"]
[SourceVersionDate "2003.09.04"]
[SourceQuality "1"]

1. e4 e5 2. Nf3 Nf6 3. Nc3 Nc6 4. Bb5 a6 5. Bxc6 dxc6 6. Nxe5 Nxe4 7. Nxe4 Qd4 8. 0-0 Qxe5 9. d4 Qf5 10. Re1 Be6 11. Bg5 h6 12. Bh4 g5 13. Bg3 0-0-0 14. Be5 Rg8 15. Nf6 Rg7 16. g4 Qg6 17. Nh5 Rg8 18. Bf6 Rd7 19. a3 Be7 20. Qf3 Qxc2 21. Bxe7 Rxe7 22. Nf6 Rd8 23. Qg3 c5 24. d5 Qg6 25. Qf3 Bxd5 26. Nxd5 Rxe1+ 27. Rxe1 Kb8 28. Ne7 Qc2 29. Qxf7 Qxb2 30. Qe6 Rf8 31. Nf5 Rf6 32. Qd5 Qc3 33. Rb1 b6 34. Ne7 Qf3 35. Qd8+ Kb7 36. Qc8+ Ka7 37. Qxc7+ Ka8 38. Qd8+ Kb7 1-0

[Event "BEL-ch op"]
[Site "Eupen"]
[Date "2003.07.12"]
[Round "8"]
[White "Gorshkova, Irina"]
[Black "Vandenbussche, Thibaut"]
[Result "1-0"]
[WhiteElo "2146"]
[BlackElo "2040"]
[PlyCount "45"]
[EventDate "2003.07.05"]
[EventType "swiss"]
[EventRounds "9"]
[EventCountry "BEL"]
[SourceTitle "CBM 095 Extra"]
[Source "ChessBase"]
[SourceDate "2003.09.04"]
[SourceVersion "1"]
[SourceVersionDate "2003.09.04"]
[SourceQuality "1"]

1. e4 c5 2. c3 Nf6 3. e5 Nd5 4. g3 d6 5. exd6 Qxd6 6. Bg2 Nc6 7. Na3 Bf5 8. d4 cxd4 9. Nb5 Qe6+ 10. Ne2 0-0-0 11. Nbxd4 Nxd4 12. Qxd4 a6 13. 0-0 Qxe2 14. Bxd5 Qd3 15. Qc5+ Kb8 16. Bf4+ e5 17. Bxe5+ Ka8 18. Bxb7+ Kxb7 19. Qc7+ Ka8 20. Qc6+ Ka7 21. Bc7 Be4 22. Bb6+ Kb8 23. Qc7+ 1-0

[Event "Ducale op 10th"]
[Site "Genova"]
[Date "2002.11.28"]
[Round "5"]
[White "Gorshkova, Irina"]
[Black "Capurro, Giuliano"]
[Result "1/2-1/2"]
[WhiteElo "2190"]
[BlackElo "2048"]
[PlyCount "60"]
[EventDate "2002.11.25"]
[EventType "swiss"]
[EventRounds "9"]
[EventCountry "ITA"]
[SourceTitle "CBM 091 Extra"]
[Source "ChessBase"]
[SourceDate "2003.01.09"]
[SourceVersion "1"]
[SourceVersionDate "2003.01.09"]
[SourceQuality "1"]

1. e4 e5 2. Nf3 Nf6 3. Nxe5 d6 4. Nf3 Nxe4 5. Nc3 Nf6 6. d4 d5 7. Bg5 Be7 8. Ne5 0-0 9. Be2 Nc6 10. 0-0 Be6 11. f4 Ne4 12. Bxe7 Nxe7 13. Bd3 f6 14. Nf3 Nf5 15. Re1 Nxc3 16. bxc3 Qd7 17. Rb1 Nd6 18. Nd2 Bg4 19. Qc1 Rfe8 20. c4 dxc4 21. Nxc4 Be6 22. Nxd6 Qxd6 23. c3 b6 24. Qc2 h6 25. Qf2 c5 26. Rbd1 cxd4 27. cxd4 Rad8 28. Bb5 Re7 29. Rc1 Bd5 30. Rxe7 Qxe7 1/2-1/2

[Event "Le Touquet op 17th"]
[Site "Le Touquet"]
[Date "2002.11.02"]
[Round "9"]
[White "Depoorter, Enguerran"]
[Black "Gorshkova, Irina"]
[Result "1/2-1/2"]
[WhiteElo "2052"]
[BlackElo "2190"]
[PlyCount "45"]
[EventDate "2002.10.27"]
[EventType "swiss"]
[EventRounds "9"]
[EventCountry "FRA"]
[SourceTitle "EXT 2003"]
[Source "ChessBase"]
[SourceDate "2002.11.25"]
[SourceVersion "1"]
[SourceVersionDate "2002.11.25"]
[SourceQuality "1"]

1. d4 Nf6 2. c4 g6 3. Nc3 d5 4. cxd5 Nxd5 5. e4 Nxc3 6. bxc3 Bg7 7. Bc4 0-0 8. Ne2 Nc6 9. Ba3 Na5 10. Bd3 Re8 11. f4 e6 12. 0-0 f5 13. Qa4 b6 14. Bb5 c6 15. Bd3 Bd7 16. Qc2 Rc8 17. Ba6 Ra8 18. Bd3 Qc7 19. e5 c5 20. dxc5 bxc5 21. c4 Bf8 22. Rab1 Nc6 23. Rfd1 1/2-1/2

[Event "Le Touquet op 17th"]
[Site "Le Touquet"]
[Date "2002.11.01"]
[Round "8"]
[White "Gorshkova, Irina"]
[Black "Laval, Brice"]
[Result "1/2-1/2"]
[WhiteElo "2190"]
[BlackElo "2093"]
[PlyCount "58"]
[EventDate "2002.10.27"]
[EventType "swiss"]
[EventRounds "9"]
[EventCountry "FRA"]
[SourceTitle "EXT 2003"]
[Source "ChessBase"]
[SourceDate "2002.11.25"]
[SourceVersion "1"]
[SourceVersionDate "2002.11.25"]
[SourceQuality "1"]

1. e4 c5 2. c3 d5 3. exd5 Qxd5 4. d4 g6 5. Nf3 Bg7 6. Be3 Nf6 7. dxc5 Qxd1+ 8. Kxd1 Ng4 9. Nbd2 Nc6 10. Bb5 Bd7 11. Ke2 Nxe3 12. fxe3 Ne5 13. Nd4 Rc8 14. b4 0-0 15. Bxd7 Nxd7 16. Rac1 Ne5 17. Rhf1 Bh6 18. h3 f5 19. N4f3 Nd7 20. Nc4 Nf6 21. Nd4 Ne4 22. Rf3 Ng5 23. Rff1 Ne4 24. Rf3 Ng5 25. Rff1 Ne4 26. Rfd1 Rf6 27. a4 f4 28. exf4 Rxf4 29. Rc2 Ng3+ 1/2-1/2

[Event "Le Touquet op 17th"]
[Site "Le Touquet"]
[Date "2002.10.31"]
[Round "7"]
[White "Philippe, Christophe"]
[Black "Gorshkova, Irina"]
[Result "1-0"]
[WhiteElo "2313"]
[BlackElo "2190"]
[PlyCount "61"]
[EventDate "2002.10.27"]
[EventType "swiss"]
[EventRounds "9"]
[EventCountry "FRA"]
[SourceTitle "EXT 2003"]
[Source "ChessBase"]
[SourceDate "2002.11.25"]
[SourceVersion "1"]
[SourceVersionDate "2002.11.25"]
[SourceQuality "1"]

1. e4 e5 2. Nf3 Nf6 3. Nxe5 d6 4. Nf3 Nxe4 5. Nc3 Nxc3 6. dxc3 Be7 7. Bf4 Nd7 8. Qd2 Nc5 9. 0-0-0 Bg4 10. Be2 Qd7 11. h3 Be6 12. Nd4 0-0 13. Nxe6 fxe6 14. Kb1 Qa4 15. Be3 Ne4 16. Qe1 Nf6 17. Bf3 Kh8 18. h4 Rab8 19. h5 b5 20. h6 g6 21. Bg5 e5 22. g3 b4 23. c4 Ng8 24. Bxe7 Rxf3 25. Bg5 Qc6 26. Qe2 Rbf8 27. Rhf1 Nf6 28. c5 Ne4 29. cxd6 cxd6 30. Be7 Rxf2 31. Bxf8 1-0

[Event "Le Touquet op 17th"]
[Site "Le Touquet"]
[Date "2002.10.30"]
[Round "5"]
[White "Friess, Nicolas"]
[Black "Gorshkova, Irina"]
[Result "1/2-1/2"]
[WhiteElo "2046"]
[BlackElo "2190"]
[PlyCount "70"]
[EventDate "2002.10.27"]
[EventType "swiss"]
[EventRounds "9"]
[EventCountry "FRA"]
[SourceTitle "EXT 2003"]
[Source "ChessBase"]
[SourceDate "2002.11.25"]
[SourceVersion "1"]
[SourceVersionDate "2002.11.25"]
[SourceQuality "1"]

1. d4 Nf6 2. c4 g6 3. Nc3 d5 4. Bf4 Bg7 5. Rc1 0-0 6. e3 c5 7. dxc5 Qa5 8. cxd5 Ne4 9. Bd3 Nxc3 10. bxc3 Bxc3+ 11. Kf1 Na6 12. Ne2 Bf6 13. Bxa6 Qxa6 14. Qd2 Bf5 15. f3 Bd3 16. Kf2 Rac8 17. e4 Bxe2 18. Qxe2 Bd4+ 19. Be3 Bxe3+ 20. Kxe3 Qa3+ 21. Qd3 Qxa2 22. Rc2 Qa5 23. Rhc1 Rfd8 24. Qb3 Qc7 25. g3 h5 26. Qa4 a5 27. Qb5 f5 28. Qb6 Qxb6 29. cxb6 Rxc2 30. Rxc2 Rd6 31. Rc6 a4 32. h4 fxe4 33. fxe4 a3 34. Rc3 Rxb6 35. Rxa3 Kg7 1/2-1/2

[Event "La Fere op 1st"]
[Site "La Fere"]
[Date "2002.07.02"]
[Round "5"]
[White "Gorshkova, Irina"]
[Black "Dgebuadze, Alexandre"]
[Result "0-1"]
[WhiteElo "2190"]
[BlackElo "2537"]
[PlyCount "66"]
[EventDate "2002.06.30"]
[EventType "swiss"]
[EventRounds "9"]
[EventCountry "FRA"]
[SourceTitle "CBM 089 Extra"]
[Source "ChessBase"]
[SourceDate "2002.09.10"]
[SourceVersion "2"]
[SourceVersionDate "2002.09.10"]
[SourceQuality "1"]

1. e4 e6 2. d4 d5 3. Nd2 Nc6 4. Ngf3 Nf6 5. e5 Nd7 6. Bb5 a6 7. Bxc6 bxc6 8. 0-0 c5 9. c3 Be7 10. Re1 0-0 11. Nb3 a5 12. Be3 cxd4 13. Nbxd4 Bb7 14. Qd2 c5 15. Nc2 Qc7 16. Bg5 Bxg5 17. Qxg5 f6 18. exf6 Rxf6 19. Ne5 Raf8 20. f3 Nxe5 21. Qxe5 Qc6 22. Re3 h6 23. Rae1 Kh7 24. b4 Qa4 25. R1e2 d4 26. cxd4 cxb4 27. Ne1 Bd5 28. Nd3 Qc6 29. Qh5 Rf5 30. Qh3 Qc4 31. Qh4 a4 32. Nc5 Bxf3 33. gxf3 Rd5 0-1

[Event "BEL-ch (Women)"]
[Site "Charleroi"]
[Date "2001.07.??"]
[Round "9"]
[White "Heuvelmans, Laetitia"]
[Black "Gorshkova, Irina"]
[Result "0-1"]
[WhiteElo "1493"]
[BlackElo "2146"]
[PlyCount "22"]
[EventDate "2001.07.??"]
[EventType "tourn"]
[EventRounds "9"]
[EventCountry "BEL"]
[SourceTitle "EXT 2003"]
[Source "ChessBase"]
[SourceDate "2002.11.25"]
[SourceVersion "1"]
[SourceVersionDate "2002.11.25"]
[SourceQuality "1"]

1. d4 Nf6 2. Nf3 g6 3. Bf4 Bg7 4. e3 d6 5. Bd3 0-0 6. Nbd2 Nbd7 7. c3 Re8 8. 0-0 e5 9. Bg5 h6 10. Qb3 hxg5 11. Bxg6 d5 0-1

[Event "Metz op 19th"]
[Site "Metz"]
[Date "2001.04.08"]
[Round "2"]
[White "Gorshkova, Irina"]
[Black "Degraeve, Jean Marc"]
[Result "0-1"]
[WhiteElo "2130"]
[BlackElo "2589"]
[PlyCount "98"]
[EventDate "2001.04.07"]
[EventType "swiss"]
[EventRounds "9"]
[EventCountry "FRA"]
[SourceTitle "CBM 081 Extra"]
[Source "ChessBase"]
[SourceDate "2001.05.06"]
[SourceVersion "1"]
[SourceVersionDate "2001.05.06"]
[SourceQuality "1"]

1. e4 g6 2. d4 Bg7 3. c3 d6 4. Nf3 Nc6 5. h3 Nf6 6. Bd3 0-0 7. 0-0 e5 8. Nbd2 Nh5 9. dxe5 Nf4 10. Bb5 Nxe5 11. Nb3 Qf6 12. Nbd4 a6 13. Be2 c5 14. Nc2 Nxe2+ 15. Qxe2 Nxf3+ 16. Qxf3 Qxf3 17. gxf3 Bxh3 18. Rd1 Rad8 19. Bg5 Rd7 20. Ne3 Be6 21. Nd5 f6 22. Bf4 Bxd5 23. Rxd5 Rfd8 24. Rad1 Bf8 25. Be3 b6 26. c4 Kf7 27. Kg2 Re8 28. a4 g5 29. R1d3 Rb7 30. Rb3 Reb8 31. f4 h6 32. fxg5 hxg5 33. Bc1 b5 34. axb5 axb5 35. cxb5 Rxb5 36. Rh3 Rb4 37. f3 Rc4 38. Rh1 Rb3 39. Rdd1 Ke6 40. Rh8 Be7 41. Rh6 Kd7 42. Rg6 Kc6 43. Rg7 Bd8 44. Rg8 Bc7 45. Rg6 Rc2+ 46. Kg3 d5+ 47. Kg4 Rg2+ 48. Kh5 Rh2+ 49. Kg4 Rh4+ 0-1

[Event "Creon op 6th"]
[Site "Creon"]
[Date "2001.??.??"]
[Round "3"]
[White "Colovic, Aleksandar"]
[Black "Gorshkova, Irina"]
[Result "1-0"]
[WhiteElo "2416"]
[BlackElo "2131"]
[PlyCount "65"]
[EventDate "2001.??.??"]
[EventType "swiss"]
[EventRounds "9"]
[EventCountry "FRA"]
[SourceTitle "EXT 2002"]
[Source "ChessBase"]
[SourceDate "2001.11.25"]
[SourceVersion "1"]
[SourceVersionDate "2001.11.25"]
[SourceQuality "1"]

1. c4 Nf6 2. g3 g6 3. Bg2 Bg7 4. Nc3 c6 5. e4 d6 6. Nge2 Nbd7 7. d3 0-0 8. 0-0 e5 9. h3 Nc5 10. Be3 a5 11. f4 Nfd7 12. f5 b6 13. g4 Ra7 14. Qd2 f6 15. h4 Nb8 16. Rf2 Nba6 17. b3 Nb4 18. Nc1 Rb7 19. Rb1 b5 20. a3 Nba6 21. b4 axb4 22. axb4 Na4 23. cxb5 cxb5 24. Qa2+ Kh8 25. Nxa4 bxa4 26. Qxa4 Rb8 27. Ne2 Rf7 28. Nc3 Qc7 29. Nd5 Qb7 30. Ra1 Nc7 31. Nb6 Qa6 32. Nxc8 Qxd3 33. Ra3 1-0

[Event "Creon op 6th"]
[Site "Creon"]
[Date "2001.??.??"]
[Round "6"]
[White "Gorshkova, Irina"]
[Black "Bratanov, Zsivko"]
[Result "1/2-1/2"]
[WhiteElo "2131"]
[BlackElo "2434"]
[PlyCount "78"]
[EventDate "2001.??.??"]
[EventType "swiss"]
[EventRounds "9"]
[EventCountry "FRA"]
[SourceTitle "EXT 2002"]
[Source "ChessBase"]
[SourceDate "2001.11.25"]
[SourceVersion "1"]
[SourceVersionDate "2001.11.25"]
[SourceQuality "1"]

1. e4 c5 2. c3 Nf6 3. e5 Nd5 4. d4 cxd4 5. Nf3 Nc6 6. Bc4 Nb6 7. Bb3 d6 8. exd6 Qxd6 9. cxd4 Be6 10. 0-0 Bxb3 11. Qxb3 e6 12. Nc3 Be7 13. Rd1 Rd8 14. a3 0-0 15. Be3 h6 16. Rac1 Rfe8 17. d5 Nxd5 18. Nxd5 exd5 19. Qxb7 Ne5 20. Nxe5 Qxe5 21. Bd4 Qh5 22. Qxa7 Bg5 23. Rb1 Re6 24. Qa5 Rde8 25. g3 Qf3 26. Qc3 Qf5 27. b4 Re2 28. Rb2 Rxb2 29. Qxb2 Qf3 30. Rb1 Qd3 31. Qa1 h5 32. h4 Bxh4 33. gxh4 Re4 34. Be5 Rxh4 35. Bg3 Rg4 36. Rd1 Qf3 37. Rd4 Rxg3+ 38. fxg3 Qxg3+ 39. Kf1 Qf3+ 1/2-1/2

[Event "Antwerp Chess Event"]
[Site "Deurne"]
[Date "2000.08.25"]
[Round "6"]
[White "Van der Stricht, Geert"]
[Black "Gorshkova, Irina"]
[Result "1/2-1/2"]
[WhiteElo "2369"]
[BlackElo "2131"]
[PlyCount "69"]
[EventDate "2000.08.19"]
[EventType "swiss"]
[EventRounds "7"]
[EventCountry "BEL"]
[SourceTitle "EXT 2001"]
[Source "ChessBase"]
[SourceDate "2000.11.22"]
[SourceVersion "1"]
[SourceVersionDate "2000.11.22"]
[SourceQuality "1"]

1. d4 Nf6 2. c4 g6 3. Nc3 d5 4. cxd5 Nxd5 5. e4 Nxc3 6. bxc3 Bg7 7. Bc4 0-0 8. Ne2 Nc6 9. Be3 e5 10. Qd2 Na5 11. Bd3 exd4 12. cxd4 c5 13. Bg5 f6 14. Be3 cxd4 15. Bxd4 Nc6 16. Bc3 f5 17. Bc4+ Kh8 18. Qb2 Bxc3+ 19. Qxc3+ Qf6 20. Qxf6+ Rxf6 21. 0-0 fxe4 22. Nc3 Bf5 23. Rae1 Rd6 24. Bd5 Re8 25. Bxe4 Bxe4 26. Nxe4 Rde6 27. f3 Rd8 28. Rb1 Re7 29. Rb2 Kg7 30. Rfb1 b6 31. Rc1 Ne5 32. Rbc2 Rdd7 33. Rc8 Nd3 34. Rd1 Nf4 35. Rxd7 1/2-1/2

[Event "BEL-ch (Women)"]
[Site "Ghent"]
[Date "2000.07.??"]
[Round "2"]
[White "Gorshkova, Irina"]
[Black "De Gueldre, Silvie"]
[Result "1-0"]
[WhiteElo "2103"]
[BlackElo "1629"]
[PlyCount "85"]
[EventDate "2000.07.??"]
[EventType "swiss"]
[EventRounds "9"]
[EventCountry "BEL"]
[SourceTitle "EXT 2003"]
[Source "ChessBase"]
[SourceDate "2002.11.25"]
[SourceVersion "1"]
[SourceVersionDate "2002.11.25"]
[SourceQuality "1"]

1. e4 c5 2. c3 d6 3. d4 cxd4 4. cxd4 b6 5. Nc3 Bb7 6. Nf3 g6 7. Bc4 h6 8. 0-0 Bg7 9. Re1 e6 10. Bf4 g5 11. Be3 Ne7 12. Rc1 Nd7 13. Bd3 a6 14. Bb1 Ng6 15. h3 0-0 16. Qb3 Rc8 17. a4 Kh8 18. Rcd1 Nf4 19. Bxf4 gxf4 20. Ne2 e5 21. dxe5 dxe5 22. Nc3 Nc5 23. Rxd8 Nxb3 24. Rd6 Rc6 25. Red1 Nd4 26. Rxc6 Nxf3+ 27. gxf3 Bxc6 28. Rd6 Rc8 29. Ba2 Kg8 30. Bd5 Bxd5 31. exd5 e4 32. fxe4 f3 33. Rxb6 Kh7 34. h4 Bd4 35. Rxa6 Rg8+ 36. Kf1 Rg2 37. Nd1 Rh2 38. Ke1 Be5 39. Rc6 Bf4 40. Ne3 Rh1+ 41. Nf1 Bd2+ 42. Kxd2 Rxf1 43. Ke3 1-0

[Event "BEL-ch (Women)"]
[Site "Ghent"]
[Date "2000.07.??"]
[Round "3"]
[White "Stevens, Nathalie"]
[Black "Gorshkova, Irina"]
[Result "0-1"]
[WhiteElo "1487"]
[BlackElo "2103"]
[PlyCount "54"]
[EventDate "2000.07.??"]
[EventType "swiss"]
[EventRounds "9"]
[EventCountry "BEL"]
[SourceTitle "EXT 2003"]
[Source "ChessBase"]
[SourceDate "2002.11.25"]
[SourceVersion "1"]
[SourceVersionDate "2002.11.25"]
[SourceQuality "1"]

1. e4 e5 2. Nf3 Nf6 3. d4 Nxe4 4. Bd3 Nc6 5. Bxe4 d5 6. Nxe5 Nxe5 7. dxe5 dxe4 8. Qxd8+ Kxd8 9. Bg5+ Be7 10. Bxe7+ Kxe7 11. Nc3 Bf5 12. 0-0-0 c6 13. Rhe1 Rad8 14. Rxd8 Rxd8 15. Nxe4 Bxe4 16. Rxe4 Ke6 17. Re2 g5 18. g4 Rd5 19. f3 Ra5 20. a3 Rxe5 21. Kd2 Rxe2+ 22. Kxe2 Ke5 23. Ke3 h6 24. h3 c5 25. c3 c4 26. Ke2 Kf4 27. Kf2 b5 0-1

[Event "BEL-ch (Women)"]
[Site "Ghent"]
[Date "2000.07.??"]
[Round "6"]
[White "Van Vooren, Kristien"]
[Black "Gorshkova, Irina"]
[Result "0-1"]
[WhiteElo "1781"]
[BlackElo "2103"]
[PlyCount "132"]
[EventDate "2000.07.??"]
[EventType "swiss"]
[EventRounds "9"]
[EventCountry "BEL"]
[SourceTitle "EXT 2003"]
[Source "ChessBase"]
[SourceDate "2002.11.25"]
[SourceVersion "1"]
[SourceVersionDate "2002.11.25"]
[SourceQuality "1"]

1. e4 d6 2. d4 Nf6 3. Nc3 g6 4. Nf3 Bg7 5. Be2 c6 6. 0-0 0-0 7. Bg5 h6 8. Bd2 Nbd7 9. Qc1 Kh7 10. h3 e5 11. dxe5 dxe5 12. Be3 Qe7 13. a3 Nc5 14. Bd3 a5 15. Rb1 a4 16. Qd2 Rd8 17. Qe2 Nh5 18. Rfd1 Nf4 19. Bxf4 exf4 20. e5 Be6 21. Rd2 b5 22. Rbd1 Nxd3 23. cxd3 Bf5 24. d4 b4 25. axb4 Qxb4 26. Na2 Qb3 27. Nc1 Qb5 28. Nd3 g5 29. Rc1 Bf8 30. Qd1 Qd5 31. Nc5 a3 32. bxa3 Rxa3 33. Qe2 Rda8 34. Qd1 R8a5 35. Kh2 Ra2 36. Rxa2 Rxa2 37. Qf1 Kg6 38. Kg1 Bxh3 39. gxh3 Qxf3 40. Qg2 Qxg2+ 41. Kxg2 Bxc5 42. Rxc5 Ra6 43. Rc3 Kf5 44. f3 Ke6 45. Rc5 Ra2+ 46. Kg1 Kd7 47. d5 cxd5 48. Rxd5+ Ke6 49. Rd6+ Kxe5 50. Rxh6 Kd4 51. h4 gxh4 52. Rxh4 Ke3 53. Rh7 f5 54. Rf7 Kxf3 55. Rxf5 Ra1+ 56. Kh2 Kg4 57. Rd5 Ra3 58. Rd1 Kf3 59. Rf1+ Ke3 60. Kg2 Ra2+ 61. Kg1 Re2 62. Ra1 f3 63. Kf1 Rb2 64. Ra3+ Kf4 65. Rc3 Kg3 66. Re3 Rb1+ 0-1

[Event "Dieppe op 1st"]
[Site "Dieppe"]
[Date "2000.??.??"]
[Round "3"]
[White "Bergez, Luc"]
[Black "Gorshkova, Irina"]
[Result "1-0"]
[WhiteElo "2413"]
[BlackElo "2131"]
[PlyCount "65"]
[EventDate "2000.08.??"]
[EventType "swiss"]
[EventRounds "7"]
[EventCountry "FRA"]
[SourceTitle "EXT 2005"]
[Source "ChessBase"]
[SourceDate "2004.11.15"]
[SourceVersion "1"]
[SourceVersionDate "2004.11.15"]
[SourceQuality "1"]

1. e4 e5 2. Nf3 Nf6 3. Nxe5 d6 4. Nxf7 Kxf7 5. d4 c5 6. dxc5 Qa5+ 7. Nc3 Qxc5 8. Be3 Qc7 9. Nb5 Qa5+ 10. Bd2 Qd8 11. Bf4 Nc6 12. Bc4+ Be6 13. Bxe6+ Kxe6 14. Qd3 Be7 15. Qb3+ Kd7 16. e5 Ne4 17. exd6 Qa5+ 18. c3 Rhf8 19. Bg3 Bg5 20. 0-0 Nxg3 21. hxg3 Rae8 22. Rad1 Qb6 23. Rd5 Be3 24. Qa4 Rxf2 25. Qg4+ Kd8 26. Rxf2 Bxf2+ 27. Kh2 Bg1+ 28. Kh1 g6 29. Qh4+ Kd7 30. Qxh7+ Kd8 31. Qc7+ Qxc7 32. dxc7+ Kc8 33. Nd6+ 1-0